| 000 | 01108nam a22001457a 4500 | ||
|---|---|---|---|
| 999 |
_c523660 _d523660 |
||
| 008 | 230918b ||||| |||| 00| 0 eng d | ||
| 100 |
_aDillender, Marcus _943756 |
||
| 245 | _aEvidence and lessons on the health impacts of public health funding from the fight against HIV/AIDS | ||
| 260 | _aThe American Economic Review | ||
| 300 | _a113(7), Jul, 2023: p.1825-1887 | ||
| 520 | _aHIV/AIDS has been one of the largest public health crises in recent history, and the US federal government has spent hundreds of billions of dollars fighting the disease. This study examines the impact of the large amounts of federal funding allocated to US cities to combat HIV/AIDS through the Ryan White CARE Act's first title. The findings indicate that the cost to avoid an HIV/AIDS death through the program is roughly $334,000, that the program has saved approximately 57,000 lives through 2018, and that funding disparities are responsible for the uneven progress in combating HIV/AIDS across the United States.- Reproduced | ||
| 773 | _aThe American Economic Review | ||
| 906 | _aHEALTH SERVICES | ||
| 942 | _cAR | ||